Datum a čas kvízu
21.5
Celkem bodů
Celkový počet nahraných bodů na tomto kvízu bez doplňovacích otázek.
6.
Pořadí na kvízu
Konečné umístění týmu na tomto kvízu.
Zaznamenané odpovědi
| # | Otázka | Odpověď | Body | Výsledky |
|---|---|---|---|---|
| 1. | Státní maturity začaly minulou... | 0 | ||
| 2. | Jednotvárný zvuk od silnice ob... | 0 | ||
| 3. | Soutěž World Press Photo letos... | 1 | ||
| 4. | Ministerstvo dopravy vybralo v... | 0 | ||
| 5. | Minulý týden se začala prodáva... | 0 | ||
| 6. | Vzpomeňme v tomto tématu na zř... | 1 | ||
| 7. | Vyberte pravdivé tvrzení o For... | 1 | ||
| 8. | Jedno z jeho prvních děl bylo... | 0 | ||
| 9. | Jakou větu pronesl v Přeletu n... | 1 | ||
| 10. | Pěknou vzpomínku na Formana na... | 0 |